[Event "TCh-Central SRB 2012"]
[Site "Vrnjacka Banja SRB"]
[Date "2012.10.06"]
[Round "10.6"]
[White "Boskovic,D"]
[Black "Radovanovic,D"]
[Result "0-1"]
[WhiteElo "2431"]
[BlackElo "2359"]

1.d4 Nf6 2.Bg5 d5 3.e3 Ne4 4.Bf4 c5 5.Bd3 Nf6 6.c3 Nc6 7.Nd2 Qb6 8.Rb1 Bg4
9.Ngf3 cxd4 10.exd4 e6 11.h3 Bh5 12.g4 Bg6 13.Bxg6 hxg6 14.Ne5 Nxe5 15.Bxe5 Nd7
16.Nf3 Qa6 17.a3 Nxe5 18.Nxe5 Bd6 19.f4 Bxe5 20.fxe5 O-O-O 21.Kd2 f6 22.Qe2 Qxe2+
23.Kxe2 fxe5 24.dxe5 Rdf8 25.Rbf1 Kd7 26.Rf3 Rxf3 27.Kxf3 g5 28.Kg3 Rf8 29.h4 Rh8
30.Rh2 a5 31.a4 b6 32.h5 Ke7 33.Rf2 b5 34.axb5 Rb8 35.Kf3 Rxb5 36.Ke3 Rc5
37.Rd2 a4 38.Rd4 a3 39.Kd3 axb2 40.Rb4 Rc4 41.Rxc4  0-1

[Event "TCh-AUT 2 East 2012-13"]
[Site "Austria AUT"]
[Date "2012.10.07"]
[Round "2.3"]
[White "Kreindl,H"]
[Black "Mahdi,K"]
[Result "1/2-1/2"]
[WhiteElo "2207"]
[BlackElo "2385"]

1.d4 Nf6 2.Bg5 g6 3.Bxf6 exf6 4.e3 Bg7 5.g3 c6 6.Bg2 f5 7.Ne2 d6 8.O-O Nd7
9.c4 Nf6 10.Nbc3 O-O 11.b4 Be6 12.c5 Bc4 13.Qc2 Re8 14.Rfe1 d5 15.a4 h5 16.h4 Ne4
17.Nf4 Bh6 18.Nce2 Qf6 19.b5 Bxe2 20.Nxe2 Re7 21.Bxe4 Rxe4 22.Nc3 Re6 23.f4 Rae8
24.Qd3 Qe7 25.Nd1 Re4 26.Rf1 Bg7 27.Rb1 Qd7 28.a5 R4e6 29.Rf2 Qd8 30.Ra2 Qc8  1/2-1/2

[Event "3rd Copa Latino-Americana"]
[Site "Cali COL"]
[Date "2012.10.07"]
[Round "6.28"]
[White "Daza,Fernando"]
[Black "Ardila,Oscar Humberto"]
[Result "0-1"]
[WhiteElo "1869"]
[BlackElo "2073"]

1.d4 Nf6 2.Bg5 g6 3.Bxf6 exf6 4.g3 Bg7 5.e3 O-O 6.Nd2 d5 7.Bg2 c6 8.Ne2 Bg4
9.O-O Qd7 10.c4 Na6 11.cxd5 cxd5 12.a3 Rac8 13.Nf3 Nc7 14.Qd2 Nb5 15.Rac1 Nd6
16.Nc3 Nc4 17.Qc2 b5 18.Nd2 Bf5 19.e4 dxe4 20.Bxe4 Bh3 21.Rfd1 Bh6 22.Nxc4 Bxc1
23.Rxc1 Rxc4 24.Bd3 Rxd4 25.Bxb5 Qb7 26.f4 Rfd8 27.Bf1 Rd2 28.Qe4 Qb6+ 29.Kh1 Qf2  0-1

[Event "TCh-Central SRB 2012"]
[Site "Vrnjacka Banja SRB"]
[Date "2012.10.07"]
[Round "11.5"]
[White "Djukic,St"]
[Black "Lapcevic,M"]
[Result "0-1"]
[WhiteElo "2256"]
[BlackElo "2396"]

1.d4 Nf6 2.Bg5 g6 3.Bxf6 exf6 4.g3 c6 5.Bg2 Qb6 6.b3 Bg7 7.e3 f5 8.Ne2 O-O
9.O-O d6 10.c4 Nd7 11.Nbc3 Nf6 12.a3 a5 13.Na4 Qc7 14.Qc2 Re8 15.b4 Ne4 16.c5 g5
17.Nb6 Ra6 18.Nc4 Bf8 19.f3 Nf6 20.h4 gxh4 21.gxh4 axb4 22.axb4 Rxa1 23.Rxa1 Nd5
24.Qd2 dxc5 25.bxc5 Qd8 26.e4 Qxh4 27.Qe1 Qxe1+ 28.Rxe1 fxe4 29.fxe4 Nc7
30.Nf4 Nb5 31.e5 Nxd4 32.Nd6 Rd8 33.Nh5 Be7 34.Be4 f5 35.Bb1 Nf3+ 36.Kf1 Nxe1
37.Ba2+ Kf8 38.Kxe1 Bxd6 39.cxd6 Re8 40.Nf6 Rxe5+ 41.Kd2 Re8  0-1

[Event "TCh-Belgrade Premier 2012"]
[Site "Belgrade SRB"]
[Date "2012.10.08"]
[Round "7.3"]
[White "Zmijanac,D"]
[Black "Petrovic,Igor R"]
[Result "0-1"]
[WhiteElo "2182"]
[BlackElo "2066"]

1.d4 Nf6 2.Bg5 d5 3.e3 Bf5 4.Nf3 Nbd7 5.c4 c6 6.Nc3 Qa5 7.Nd2 e6 8.Be2 Bb4
9.Qb3 Ne4 10.Ndxe4 Bxe4 11.Bf4 Bxg2 12.Rg1 Be4 13.a3 Bxc3+ 14.bxc3 Qb6 15.Qxb6 Nxb6
16.c5 Nd7 17.Rxg7 Bg6 18.Bh6 Nf6 19.h4 Ke7 20.h5 Nxh5 21.Bxh5 Bxh5 22.Rb1 b5
23.cxb6 axb6 24.Rxb6 Rhc8 25.Bg5+ Kd7 26.Bf4 c5 27.Rd6+ Ke7 28.Rb6 cxd4 29.exd4 Bg6
30.Kd2 Kf6 31.Be5+ Kg5 32.f4+ Kg4 33.Bd6 Kf3 34.f5 exf5 35.Rb1 Re8 36.Rf1+ Kg4
37.Rg1+ Kh5 38.Be5 Rxa3 39.Rh1+ Kg4 40.Rg1+ Kf3 41.Rh1 Kg4 42.Rg1+ Kh3 43.Rh1+ Kg2
44.Rhxh7 f4 45.Rh4 Ra2+ 46.Ke1 Kg3 47.Rh6 Kf3 48.Rh4 Kg3 49.Rh6 Rea8 50.Rhxg6+ fxg6
51.Rxg6+ Kf3 52.Rf6 Ra1+ 53.Kd2 R8a2+  0-1

[Event "3rd Copa Latino-Americana"]
[Site "Cali COL"]
[Date "2012.10.09"]
[Round "9.25"]
[White "Orozco,Lu"]
[Black "Parra,Brayan"]
[Result "0-1"]
[WhiteElo "2092"]
[BlackElo "1817"]

1.d4 Nf6 2.Bg5 g6 3.Nd2 Bg7 4.e4 d6 5.Ngf3 O-O 6.Be2 Nbd7 7.O-O h6 8.Bh4 Nh5
9.c3 Nf4 10.Bc4 Qe8 11.Re1 e5 12.Qc2 Kh8 13.dxe5 dxe5 14.Bg3 Nh5 15.Kh1 Nxg3+
16.fxg3 f5 17.exf5 gxf5 18.Nh4 Nb6 19.Bd3 e4 20.Nxe4 fxe4 21.Bxe4 Rf6 22.Bg6 Qb5
23.a4 Qc6 24.Be8 Qc5 25.b4 Qf2 26.Qd3 Bf5 27.Qd1 Bc2 28.Qg4 Nd5 29.Bb5 Raf8
30.Rg1 Nxc3 31.Bc4 Bf5 32.Qh5 Bh7 33.Rae1 Qd4 34.Be6 Ne4 35.h3 Nxg3+  0-1

[Event "17th European Club Cup w"]
[Site "Eilat ISR"]
[Date "2012.10.11"]
[Round "1.3"]
[White "Mkrtchian,L"]
[Black "Vardi,S"]
[Result "1-0"]
[WhiteElo "2456"]
[BlackElo "2010"]

1.d4 Nf6 2.Bg5 d5 3.Bxf6 exf6 4.e3 c6 5.g3 Qb6 6.Qc1 Be6 7.Bg2 Nd7 8.Ne2 Qa5+
9.c3 Nb6 10.a4 Nc4 11.b3 Nd6 12.Nd2 h5 13.h4 Qa6 14.Nf4 Bg4 15.c4 g5 16.Nd3 dxc4
17.bxc4 Qa5 18.c5 Nf5 19.hxg5 Qc7 20.Ne4 O-O-O 21.gxf6 Bh6 22.f4 Rhe8 23.Kf2 Rxe4
24.Bxe4 Bf8 25.Ne5 Re8 26.Nxg4  1-0

[Event "2nd Indonesia Open"]
[Site "Jakarta INA"]
[Date "2012.10.11"]
[Round "1.33"]
[White "Hoang Thanh Trang"]
[Black "Bersamina,Paulo"]
[Result "1/2-1/2"]
[WhiteElo "2470"]
[BlackElo "2205"]

1.d4 Nf6 2.Bg5 c5 3.Bxf6 exf6 4.Nc3 d5 5.e3 Be6 6.Nge2 Nc6 7.g3 Qb6 8.Bg2 cxd4
9.exd4 Qxb2 10.Rb1 Qa3 11.Rxb7 Bb4 12.O-O Bxc3 13.Rb3 Qxa2 14.Nxc3 Qa5 15.Qd3 O-O
16.Rb5 Qa3 17.Qd2 Ne7 18.Nxd5 Bxd5 19.Bxd5 Nxd5 20.Rxd5 a5 21.c4 Rfb8 22.c5 Qb3
23.Rd7 a4 24.c6 a3 25.c7 Re8 26.Ra1 a2 27.Kg2 Qe6 28.Rd8 Rexd8 29.cxd8=Q+ Rxd8
30.Rxa2 g6 31.Kg1 Qc4 32.Rc2 Qxd4 33.Qxd4 Rxd4 34.h4 Kg7 35.Kg2 g5 36.h5 Kh6
37.Rc6 Kg7 38.f3 h6 39.g4 f5 40.Kg3 Rf4 41.Ra6 fxg4 42.fxg4 Rf6 43.Ra7 Rd6
44.Rb7 Kf6 45.Ra7 Ke6 46.Ra5 Rd3+ 47.Kg2 Kf6 48.Ra7 Kg7 49.Rb7 Rd4 50.Kg3 Rf4
51.Ra7 Rf6 52.Rb7 Kf8 53.Ra7 Re6 54.Rb7 Rd6 55.Ra7 Kg7 56.Rb7 Ra6 57.Rc7 Kf6
58.Rb7 Ke6 59.Rb5 f6 60.Rc5 Rd6 61.Rc8 f5 62.gxf5+ Kxf5 63.Rh8 Rd3+ 64.Kf2 Rd2+
65.Kg3 Rd6 66.Rf8+ Rf6 67.Re8 Re6 68.Rf8+ Ke5 69.Kg4 Rf6 70.Rh8 Ke4 71.Kg3 Ke3
72.Re8+ Kd3 73.Rg8 Kd4 74.Rd8+ Ke5 75.Rh8 Ke6 76.Rh7 Kd6 77.Kg4 Ke6 78.Kg3 Kf5
79.Re7 Re6 80.Rf7+ Ke5 81.Rh7 Kd5 82.Kg4 Ke5  1/2-1/2

[Event "TCh-Belgrade Premier 2012"]
[Site "Belgrade SRB"]
[Date "2012.10.12"]
[Round "11.1"]
[White "Stosic,S"]
[Black "Podinic,B"]
[Result "0-1"]
[WhiteElo "2174"]
[BlackElo "2274"]

1.d4 Nf6 2.Bg5 d5 3.c4 Ne4 4.Bf4 e5 5.dxe5 Bc5 6.e3 Bb4+ 7.Ke2 Qh4 8.g3 Qh5+
9.f3 g5 10.Qxd5 gxf4 11.Qxe4 fxg3 12.Qf4 Qg6  0-1

[Event "2nd Indonesia Open"]
[Site "Jakarta INA"]
[Date "2012.10.13"]
[Round "5.26"]
[White "Kasmiran"]
[Black "Barus,C"]
[Result "1/2-1/2"]
[WhiteElo "2310"]
[BlackElo "2400"]

1.d4 Nf6 2.Bg5 d5 3.Bxf6 exf6 4.e3 Bd6 5.c4 dxc4 6.Bxc4 O-O 7.Ne2 c6 8.Nd2 Nd7
9.Qc2 Re8 10.Bd3 Nf8 11.O-O g6 12.e4 Ne6 13.Rad1 Ng7 14.Nc4 Bf8 15.Ne3 Bd7
16.f4 Rc8 17.b3 f5 18.e5 Ne6 19.Qb2 Nc7 20.Nc3 Be6 21.Be2 Bb4 22.Na4 Nd5
23.Nc2 Bf8 24.Nc3 Qa5 25.Rf3 Red8 26.a3 Nxc3 27.Qxc3 Qxc3 28.Rxc3 c5 29.dxc5 Rxd1+
30.Bxd1 Rxc5 31.Rd3  1/2-1/2

[Event "28th European Club Cup"]
[Site "Eilat ISR"]
[Date "2012.10.14"]
[Round "4.7"]
[White "Lindberg,Bo"]
[Black "Landa,K"]
[Result "1/2-1/2"]
[WhiteElo "2403"]
[BlackElo "2641"]

1.d4 Nf6 2.Bg5 c5 3.Nc3 cxd4 4.Qxd4 Nc6 5.Qh4 e6 6.e4 Be7 7.O-O-O d6 8.f4 Qa5
9.Nf3 Bd7 10.Bb5 a6 11.Bxc6 Bxc6 12.Rhe1 O-O-O 13.Qf2 h6 14.Bh4 Qc7 15.Kb1 Kb8
16.Qe2 Rhe8 17.Bf2 Nd7 18.Nd4 Bf6 19.Qc4 d5 20.Qe2 dxe4 21.Nxc6+ Qxc6 22.Nxe4 Nb6
23.Bxb6 Qxb6 24.Nxf6 gxf6 25.b3 Rxd1+ 26.Rxd1 Rd8 27.Rxd8+ Qxd8 28.Qh5 Qf8
29.g3 f5 30.a4 Kc7 31.Qe2 Qc5 32.Qh5 Qf8 33.Qe2 Qc5 34.Qh5 Qg1+ 35.Kb2 Qd4+
36.Kb1 Qg7 37.Qe2 Qc3 38.Qh5 Qg7 39.Qe2 Qd4 40.Qh5 Qg7  1/2-1/2

[Event "2nd Indonesia Open"]
[Site "Jakarta INA"]
[Date "2012.10.15"]
[Round "7.41"]
[White "Prayitno,S"]
[Black "Suradiradja,H"]
[Result "0-1"]
[WhiteElo "2351"]
[BlackElo "2238"]

1.d4 Nf6 2.Bg5 c5 3.Bxf6 gxf6 4.d5 Qb6 5.Qc1 d6 6.c4 Bg7 7.Nc3 f5 8.e3 e5
9.Nge2 Nd7 10.Qc2 Nf6 11.f4 e4 12.Rb1 Bd7 13.a3 h5 14.Qd2 a5 15.Nc1 h4 16.Be2 Ke7
17.O-O Rh6 18.Kh1 Rg6 19.b4 axb4 20.axb4 cxb4 21.Nd1 Ra4 22.Nb3 Ne8  0-1

[Event "TCh-AUT 2 Mitte 2012-13"]
[Site "Bad Schallerbach AUT"]
[Date "2012.10.19"]
[Round "1.5"]
[White "Kubinger,T"]
[Black "Watzka,H"]
[Result "0-1"]
[WhiteElo "2175"]
[BlackElo "2259"]

1.d4 Nf6 2.Bg5 d5 3.Bxf6 gxf6 4.e3 c5 5.dxc5 Qa5+ 6.Nd2 e6 7.c4 dxc4 8.Bxc4 Bxc5
9.Nf3 Be7 10.O-O O-O 11.Ne4 Nc6 12.Nd4 Nxd4 13.Qxd4 Kg7 14.Ng3 Rd8 15.Qf4 Bd7
16.Rfd1 Bc6 17.Bd3 Qg5 18.Rac1 Rac8 19.h4 Qxf4 20.Nh5+ Kh6 21.Nxf4 f5 22.g3 Bf6
23.b3 Be5 24.Kf1 Bb2 25.Rc2 Ba3 26.Ke2 Rd6 27.Re1 Rcd8  0-1

[Event "7th Americas Continental 2012"]
[Site "Mar del Plata ARG"]
[Date "2012.10.20"]
[Round "10.33"]
[White "Mahia,G"]
[Black "Martinez de Negri,G"]
[Result "1-0"]
[WhiteElo "2409"]
[BlackElo "2123"]

1.d4 Nf6 2.Bg5 c5 3.d5 Ne4 4.Bc1 e6 5.dxe6 fxe6 6.Nd2 Nxd2 7.Bxd2 d5 8.e4 Qf6
9.Nf3 Nc6 10.Bb5 Be7 11.O-O O-O 12.Bxc6 bxc6 13.Bg5 Qf7 14.Ne5 Qe8 15.Bxe7 Qxe7
16.Nxc6 Qd6 17.exd5 Ba6 18.Re1 Rae8 19.Qh5 Bc4 20.Rad1 Bxd5 21.Ne5 c4 22.Nxc4 Qf4
23.Ne3 Qxf2+ 24.Kh1 Rd8 25.Qg4 Ba8 26.Qg3 Qf6 27.b3 Rxd1 28.Rxd1 h5 29.h4 Rc8
30.c4 Be4 31.Kh2 a5 32.Qg5 Qxg5 33.hxg5 Rc5 34.Kg3 Kf8 35.Kf4 Bg6 36.Rd7 Bb1
37.a3 Ba2 38.b4 axb4 39.axb4 Rc8 40.c5 Rb8 41.c6 Rxb4+ 42.Ke5 Ke8 43.Rxg7  1-0

[Event "7th Americas Continental 2012"]
[Site "Mar del Plata ARG"]
[Date "2012.10.20"]
[Round "10.85"]
[White "Baquero,Yuri Paola"]
[Black "Salvatti,D"]
[Result "0-1"]
[WhiteElo "1780"]
[BlackElo "2112"]

1.d4 Nf6 2.Bg5 g6 3.f3 c5 4.c3 cxd4 5.Qxd4 Nc6 6.Qf2 d5 7.Bxf6 exf6 8.e4 f5
9.exd5 Qxd5 10.Qd2 Be6 11.Qxd5 Bxd5 12.Bb5 Bg7 13.Ne2 O-O 14.O-O a6 15.Bxc6 Bxc6
16.a4 Rfe8 17.Nf4 Be5 18.Nh3 f6 19.Kf2 Bc7 20.Kg1 Re2 21.b4 Bb6+ 22.Kh1 Be3
23.c4 Be8 24.Ra3 Bf7 25.Ng1 Bxg1 26.Kxg1 Bxc4 27.Rc3 b5 28.Rfc1 Rd8 29.axb5 axb5
30.Na3 Rdd2 31.R3c2 Rxg2+  0-1

[Event "TCh-CZE Div1 Vychod 2012-13"]
[Site "Czech Republic CZE"]
[Date "2012.10.21"]
[Round "1.7"]
[White "Hodovsky,J"]
[Black "Zatloukal,P"]
[Result "0-1"]
[WhiteElo "2098"]
[BlackElo "2160"]

1.d4 Nf6 2.Bg5 g6 3.Bxf6 exf6 4.e4 Bg7 5.Bd3 Qe7 6.Ne2 Qb4+ 7.Nbc3 Qxb2 8.O-O Qa3
9.Rb1 c6 10.f4 d6 11.Qd2 O-O 12.Nd5 cxd5 13.Rb3 Qxa2 14.Qc3 dxe4 15.Bc4 d5
16.Bb5 a6 17.Nc1 Qxb3 18.Qxb3 axb5 19.Qxd5 f5 20.c3 b4 21.Qd6 Nc6 22.Rd1 bxc3
23.d5 Rd8 24.Qc7 Rd7 25.Qb6 Ra1 26.Qb3 Nd4 27.Qc4 Nc6 28.Kf2 Ne7 29.Kg3 b5
30.Qxb5 c2 31.Re1 Nxd5 32.Qc4 Ba6 33.Qxc2 Ra3+ 34.Nb3 Rc7 35.Qd1 Rxb3+ 36.Qxb3 Rc3+
37.Qxc3 Bxc3  0-1

[Event "38th Guernsey Open"]
[Site "Guernsey GCI"]
[Date "2012.10.21"]
[Round "1"]
[White "Slade,Theodore"]
[Black "Haverkamp,K"]
[Result "0-1"]
[WhiteElo "1716"]
[BlackElo "2023"]

1.d4 Nf6 2.Bg5 d5 3.Nd2 c6 4.c4 dxc4 5.Nxc4 Qd5 6.Ne5 Ne4 7.Bf4 g5 8.Be3 Bg7
9.f3 Qa5+ 10.Bd2 Qxd2+ 11.Qxd2 Nxd2 12.Kxd2 Be6 13.e4 O-O 14.Ke3 Rd8 15.g3 c5
16.d5 Bxd5 17.exd5 Bxe5 18.Ke4 Bg7 19.Bh3 Nd7 20.Bxd7 Rxd7 21.Nh3 Bxb2 22.Rad1 Bf6
23.Kf5 Rad8 24.Ke4 e6  0-1

[Event "13th Liberec Open 2012"]
[Site "Liberec CZE"]
[Date "2012.10.22"]
[Round "3"]
[White "Bastyr,P"]
[Black "von Keyserlingk,Chanda"]
[Result "0-1"]
[WhiteElo "1570"]
[BlackElo "1724"]

1.d4 Nf6 2.Bg5 d5 3.Bxf6 exf6 4.Nc3 f5 5.Nf3 c6 6.e3 Nd7 7.Bd3 Nf6 8.O-O Bd6
9.Ne2 O-O 10.c4 dxc4 11.Bxc4 Qe7 12.Qc2 g6 13.Rac1 b5 14.Bd3 Bd7 15.a3 a5
16.Rfe1 Rac8 17.Nd2 c5 18.dxc5 Rxc5 19.Qb3 Be6 20.Qd1 Rfc8 21.Rxc5 Rxc5 22.Nd4 Ng4
23.h3 Bh2+ 24.Kf1 Ne5 25.Bxb5 Bd5 26.e4 fxe4 27.Nxe4 Rxb5 28.Nxb5 Bc4+ 29.Re2 Bxb5
30.g3 Bxe2+ 31.Qxe2 Bxg3 32.fxg3 Qe6 33.Kg2 Kg7 34.Qb5 Nc4 35.Nf2 Qe2  0-1

[Event "13th Liberec Open 2012"]
[Site "Liberec CZE"]
[Date "2012.10.23"]
[Round "4"]
[White "Vavra,P1"]
[Black "Braun,Mare"]
[Result "1/2-1/2"]
[WhiteElo "2376"]
[BlackElo "2232"]

1.d4 Nf6 2.Bg5 g6 3.Bxf6 exf6 4.e3 d5 5.c4 c6 6.Nc3 dxc4 7.Bxc4 Bg7 8.Nge2 Nd7
9.Nf4 f5 10.h4 Qe7 11.h5 Nb6 12.Bb3 Bd7 13.Qd2 O-O-O 14.Nce2 Kb8 15.Nd3 Be6
16.Bxe6 Qxe6 17.a4 Rhe8 18.a5 Nc4 19.Qc3 Nd6 20.Ra4 Nb5 21.Qd2 g5 22.O-O f4
23.Nc5 Qe7 24.Qc1 fxe3 25.fxe3 Qxe3+ 26.Qxe3 Rxe3 27.Rxf7 Bh8 28.Rxb7+ Kc8
29.Nc3 Nxc3 30.bxc3 Rxc3 31.Rxa7 Bxd4+ 32.Rxd4 Rxd4 33.Ne6 Rd2 34.Rc7+ Kb8
35.Rg7 Rg3 36.a6 Rgxg2+ 37.Kh1 Rh2+ 38.Kg1 Rdg2+ 39.Kf1 Rf2+ 40.Kg1 Rhg2+  1/2-1/2

[Event "Danilo Batricevic Mem Balkan GP"]
[Site "Cetinje MNE"]
[Date "2012.10.24"]
[Round "6.7"]
[White "Miladinovic,I"]
[Black "Bozovic,N"]
[Result "1-0"]
[WhiteElo "2554"]
[BlackElo "2252"]

1.d4 Nf6 2.Bg5 d5 3.e3 e6 4.Nd2 Be7 5.Bd3 Nbd7 6.f4 b6 7.Nh3 Bb7 8.Nf2 h6
9.Bxf6 Nxf6 10.Qe2 a6 11.O-O O-O 12.g4 Ne8 13.Kh1 Nd6 14.Rg1 Bh4 15.Nh3 Be7
16.g5 hxg5 17.Qh5 Ne4 18.Bxe4 dxe4 19.Nxg5 Bxg5 20.Rxg5 Qf6 21.Nc4  1-0

[Event "ITT La Razon 2012"]
[Site "Villa Martelli ARG"]
[Date "2012.10.26"]
[Round "4.2"]
[White "Fusco,L"]
[Black "Stewart,William John"]
[Result "1/2-1/2"]
[WhiteElo "2379"]
[BlackElo "2253"]

1.d4 Nf6 2.Bg5 c5 3.Bxf6 gxf6 4.d5 Qb6 5.Qc1 f5 6.g3 Bg7 7.c3 d6 8.Nd2 Nd7
9.Bg2 Nf6 10.Nh3 Bd7 11.O-O h5 12.a4  1/2-1/2

[Event "TCh-FIN SM 2012-13"]
[Site "Sastamala FIN"]
[Date "2012.10.27"]
[Round "4.2"]
[White "Pohjala,H"]
[Black "Sepp,O"]
[Result "0-1"]
[WhiteElo "2306"]
[BlackElo "2446"]

1.d4 Nf6 2.Bg5 d5 3.e3 Nbd7 4.Nd2 g6 5.Ngf3 Bg7 6.c4 c6 7.Bd3 O-O 8.O-O b6
9.Rc1 Bb7 10.cxd5 Nxd5 11.a3 c5 12.e4 h6 13.Bh4 Nf4 14.Bc4 cxd4 15.Bg3 g5
16.h4 e5 17.hxg5 hxg5 18.Nh2 Qf6 19.b4 Qg6 20.f3 Rac8 21.Qa4 Bc6 22.Qd1 b5
23.Bb3 Nf6 24.Bf2 Bd7 25.Rxc8 Rxc8 26.g3 Rc1  0-1

[Event "TCh-FIN SM 2012-13"]
[Site "Tampere FIN"]
[Date "2012.10.27"]
[Round "4.2"]
[White "Mertanen,J"]
[Black "Laine,Pan"]
[Result "1-0"]
[WhiteElo "2390"]
[BlackElo "2213"]

1.d4 d5 2.Bg5 Nf6 3.e3 e6 4.Nd2 c5 5.c3 Nbd7 6.Ngf3 Be7 7.Bd3 O-O 8.O-O b6
9.Ne5 Nxe5 10.dxe5 Nd7 11.Bxe7 Qxe7 12.f4 f5 13.Qh5 Rd8 14.Rf3 Nf8 15.Rh3 Bd7
16.a4 Be8 17.Qe2 c4 18.Bb1 a6 19.Nf3 b5 20.Nd4 b4 21.g4 g6 22.Rg3 Kh8 23.Qg2 Qf7
24.Bc2 bxc3 25.bxc3 Rab8 26.Kh1 Rb2 27.Qh3 Bd7 28.Rag1 Rb7 29.Qh4 Re8 30.Qg5 Bc8
31.h4 fxg4 32.Qxg4 Nd7 33.h5 gxh5 34.Qg5 Nc5 35.Bxh7 Kxh7 36.Rh3 Kh8 37.Qh6+ Qh7
38.Qf6+ Rg7 39.Rxg7 Qxg7 40.Rxh5+  1-0

[Event "TCh-SVK Extraliga 2012-13"]
[Site "Slovakia SVK"]
[Date "2012.10.28"]
[Round "2.2"]
[White "Neuman,P"]
[Black "Antoniewski,R"]
[Result "0-1"]
[WhiteElo "2471"]
[BlackElo "2552"]

1.d4 Nf6 2.Bg5 d5 3.Nd2 c6 4.c3 Qb6 5.Qb3 Bf5 6.e3 Nbd7 7.Ngf3 h6 8.Bxf6 gxf6
9.Be2 e6 10.O-O a5 11.Rfe1 a4 12.Qxb6 Nxb6 13.a3 Be7 14.Bf1 Rg8 15.e4 Bg4
16.g3 O-O-O 17.Bg2 dxe4 18.Rxe4 Rd5 19.Bf1 Kb8 20.h3 f5 21.Ree1 Bxf3 22.Nxf3 f4
23.g4 h5 24.g5 Bxg5 25.Kh1 Bd8 26.Bd3 Nd7 27.Rg1 Rf8 28.Rg7 Bf6 29.Rh7 c5
30.Be4 Rd6 31.Nd2 cxd4 32.Nc4 Ra6 33.cxd4 b5 34.Ne5 Bxe5 35.dxe5 Nxe5 36.Re1 Rd6
37.Rxh5 f5 38.Bg2 Nd3 39.Re2 f3 40.Bxf3 Nf4 41.Re5 Nxh5 42.Rxb5+ Kc7 43.Bxh5 Rd3
44.Be2 Rxh3+ 45.Kg2 Rh4 46.Bf3 Rg8+ 47.Kf1 Rb8  0-1

[Event "Chigorin Memorial 2012"]
[Site "St Petersburg RUS"]
[Date "2012.10.28"]
[Round "2.5"]
[White "Vlasenko,M"]
[Black "Sasikiran,K"]
[Result "1/2-1/2"]
[WhiteElo "2400"]
[BlackElo "2680"]

1.d4 Nf6 2.Bg5 d5 3.e3 c6 4.Nd2 g6 5.Bxf6 exf6 6.c4 dxc4 7.Bxc4 Bd6 8.h4 h5
9.Qc2 Kf8 10.Ne2 Kg7 11.g3 Re8 12.O-O-O b5 13.Bd3 Na6 14.a3 b4 15.Nc4 bxa3
16.bxa3 Rb8 17.Nf4 Qe7 18.Kd2 Bc7 19.Rb1 Rd8 20.Rxb8 Nxb8 21.Rg1 Qe8 22.Qc3 c5
23.dxc5 Nc6 24.Rc1 Qe7 25.Ke1 Qxc5 26.Nd2 Qxc3 27.Rxc3 Bb7 28.Be4 Ba5 29.Rd3 Re8
30.Rd7 Bc8 31.Rd6 Ne5 32.Ke2 Bc7 33.Rd4 Ba6+ 34.Bd3 Nxd3 35.Nxd3 Bb6 36.Rd7 Rc8
37.Ne4 Rc7 38.Rxc7 Bxc7 39.Kd2 Bb7 40.Nec5 Bf3 41.Nb3 Kf8 42.Nd4 Bd5 43.Nf4 Ba2
44.Kc2 Bd6 45.a4 Bc4 46.Nb5 Bc5 47.Kc3 Bf1 48.Nd4 Ke8 49.e4 Bb6 50.Nd5 Ba5+
51.Nb4 Kd7 52.f3 Bc7 53.f4 Ba5 54.Nb3 Bb6 55.Nd4 Kd6 56.Nbc2 Ba5+ 57.Nb4 Bg2
58.Kc4 Bf1+ 59.Kc3 a6 60.Nb3 Bd8 61.Nd5 Be2 62.Kd4 Kc6 63.Nb4+ Kd6 64.Nd5 Kc6
65.Nb4+ Kd6  1/2-1/2

[Event "Chigorin Memorial"]
[Site "St Petersburg RUS"]
[Date "2012.10.31"]
[Round "5.119"]
[White "Salov,Vi"]
[Black "Kuratov,Vasily"]
[Result "0-1"]
[WhiteElo "1993"]
[BlackElo "2225"]

1.d4 Nf6 2.Bg5 c5 3.Bxf6 gxf6 4.e3 Qb6 5.Nc3 cxd4 6.exd4 e6 7.a3 d5 8.Nf3 Bd7
9.Rb1 Nc6 10.Be2 Na5 11.O-O Rc8 12.Re1 Be7 13.Bd3 Nc4 14.Qe2 Qd6 15.Bxc4 Rxc4
16.Nd1 Rc7 17.Ne3 Bc6 18.b3 O-O 19.Ra1 b5 20.b4 Ra8 21.c3 Rac8 22.Nd2 Be8
23.Nd1 Bf8 24.Nb3 Bg7 25.Nc5 Ra8 26.Ne3 a5 27.Qb2 f5 28.bxa5 f4 29.Nd1 Rxa5
30.Nd3 Rca7 31.Nb4 f6 32.f3 Bf7 33.Nf2 Re7 34.Re2 Bg6 35.Rae1 Bf5 36.Qb3 Rea7
37.Ra1 Bf8 38.Rea2 Qd7 39.Nbd3 Qc7 40.Nb2 Bd6 41.Nfd3 Qc6 42.Nf2 Qa8 43.a4 Kf7
44.Kf1 Kg6 45.Kg1 bxa4 46.Nxa4 Rb7 47.Qd1 Qb8 48.Rc1 Qc7 49.Raa1 Rba7 50.Nd3 Rxa4
51.Rxa4 Rxa4 52.Qxa4 Bxd3 53.Qe8+ Qf7 54.Qc6 Ba3 55.Re1 Bf5 56.g4 fxg3 57.hxg3 h5
58.Kf2 Qf8 59.Rg1 Bd6 60.Ra1 Qb8 61.Ra8 Bxg3+ 62.Kg2 Qb2+ 63.Kxg3 h4+ 64.Kf4 Qd2+  0-1

[Event "Chigorin Memorial"]
[Site "St Petersburg RUS"]
[Date "2012.10.31"]
[Round "5.91"]
[White "Tkachev,I"]
[Black "Ulyanin,S"]
[Result "0-1"]
[WhiteElo "2128"]
[BlackElo "2308"]

1.d4 Nf6 2.Bg5 c5 3.dxc5 Qa5+ 4.c3 Qxc5 5.Nf3 Ne4 6.Be3 Qc7 7.g3 Nc6 8.Bg2 g6
9.Na3 Bg7 10.Nd4 Nxd4 11.Bxd4 Nf6 12.Qa4 a6 13.Qb4 d6 14.Nc4 O-O 15.Nb6 Rb8
16.Rd1 Be6 17.O-O Nd7 18.Nxd7 Qxd7 19.b3 Rfc8 20.e4 Qc7 21.Bxg7 Kxg7 22.Qd4+ f6
23.Rc1 b5 24.f4 Qc5 25.Rfe1 Rc7 26.e5 dxe5 27.fxe5 f5 28.b4 Qa7 29.a3 Rbc8
30.Rcd1 Rd7 31.Qxa7 Rxa7 32.Re3 Rac7 33.Rdd3 a5 34.bxa5 Ra7 35.a6 Rcc7 36.Bb7 Bc8
37.Rd4 Bxb7 38.axb7 Rcxb7 39.c4 Ra4 40.Rb3 Kf7 41.Kf2 Ke6 42.Ke3 b4 43.Rdd3 Kxe5
44.Rd5+ Ke6 45.Rdd3 Rxa3 46.Rxa3 bxa3 47.Rxa3 Kd6 48.Kd4 e5+ 49.Kc3 Rd7 50.Kb4 e4
51.Ra6+ Ke5 52.Ra3 Kd4 53.Kb5 Rc7 54.Ra1 Rc5+  0-1

[Event "Vizag GM Open 2012"]
[Site "Visakhapatnam IND"]
[Date "2012.11.01"]
[Round "9.6"]
[White "Abdulla,AlR"]
[Black "Stany,G"]
[Result "0-1"]
[WhiteElo "2513"]
[BlackElo "2404"]

1.d4 Nf6 2.Bg5 d5 3.Nd2 c6 4.e3 Bf5 5.Bxf6 exf6 6.Ne2 Bd6 7.c4 Na6 8.Nc3 Nb4
9.Rc1 O-O 10.Nb3 Be6 11.c5 Bc7 12.a3 Na6 13.Bxa6 bxa6 14.Nd2 Qd7 15.O-O Rfb8
16.b3 a5 17.Qe2 Rb7 18.Rb1 Rab8 19.Rb2 g6 20.Ra1 Kg7 21.Nd1 a4 22.Qd3 axb3
23.Nxb3 Rb5 24.Raa2 Bf5 25.Qc3 Qc8 26.a4 Rb4 27.Nd2 Rxb2 28.Rxb2 Qa6 29.Rxb8 Bxb8
30.Nb2 Bc7 31.Nb3 Qe2 32.Qd2 Qxd2 33.Nxd2 Ba5 34.Nb3 Bc3 35.Nd1 Bb4 36.Na1 Bd3
37.f3 Be2 38.Nc2 Bd2 39.Nb2 f5 40.Kf2 Ba6 41.Ne1 f4 42.exf4 Bc3 43.Nbd3 Bxd4+
44.Kg3 Kf6 45.Nc2 Bc3 46.Ndb4 Bc4 47.Nxc6 Bb3 48.N2b4 Ke6 49.a5 f6 50.Kf2 Kd7
51.Ke3 Bc4 52.g4 d4+ 53.Ke4 d3  0-1

[Event "TCh-NOR Eliteserien 2012-13"]
[Site "Haraldsheim NOR"]
[Date "2012.11.02"]
[Round "6"]
[White "David,Ed"]
[Black "Christiansen,Johan-Sebastian"]
[Result "1/2-1/2"]
[WhiteElo "2247"]
[BlackElo "2062"]

1.d4 Nf6 2.Bg5 d5 3.Bxf6 exf6 4.e3 Be7 5.c4 O-O 6.Nc3 dxc4 7.Bxc4 Nd7 8.Qh5 Nb6
9.Bd3 g6 10.Qf3 c5 11.d5 c4 12.Bc2 Bb4 13.Rd1 Bd7 14.Ne2 Ba4 15.Bxa4 Nxa4
16.Rd2 Nxc3 17.Nxc3 Bxc3 18.bxc3 Kg7 19.Qf4 Rc8 20.O-O Qb6 21.Rfd1 Rfd8 22.d6 Rd7
23.h3 Qa5 24.Qg4 f5 25.Qd4+ Kg8 26.Qf6 Qd8 27.Qe5 Qe8 28.Qb5 Rc6 29.a4 Qe6
30.Qb4 Kg7 31.a5 a6 32.Rd5 h6 33.R5d4 Qe5 34.Rd5 Qe6 35.R5d4  1/2-1/2

[Event "TCh-AUT 2012-13"]
[Site "Hohenems AUT"]
[Date "2012.11.03"]
[Round "2.5"]
[White "Breder,D"]
[Black "Diermair,A"]
[Result "1/2-1/2"]
[WhiteElo "2438"]
[BlackElo "2407"]

1.d4 Nf6 2.Bg5 d5 3.e3 Nbd7 4.Nf3 Ne4 5.Bf4 c6 6.c3 Qb6 7.Qb3 Ndf6 8.h3 h5
9.Nbd2 Bf5 10.c4 Nxd2 11.Nxd2 dxc4 12.Bxc4 e6 13.O-O Be7 14.Be2 Qxb3 15.Nxb3 Rd8
16.Rac1 Nd5 17.Bh2 Bg5 18.Kh1 Be7 19.a3 g5 20.Nc5 b6 21.Nd3 Bxd3 22.Bxd3 Kd7
23.Rfd1 Bd6 24.e4 Ne7 25.e5 Bb8 26.Be4 Rc8 27.Rd3 Nd5 28.Rf3 Ke7 29.h4 g4
30.Rd3 Kd7 31.Kg1 Rhf8 32.Bxd5  1/2-1/2

[Event "Subzonal 2.3 2012"]
[Site "Pamplona COL"]
[Date "2012.11.06"]
[Round "3.24"]
[White "Polo,VR"]
[Black "Padilla,Ivo"]
[Result "1-0"]
[WhiteElo "2171"]
[BlackElo "1906"]

1.d4 Nf6 2.Bg5 d5 3.Bxf6 exf6 4.e3 c6 5.Bd3 f5 6.Nd2 g6 7.Ngf3 Bg7 8.c4 O-O
9.Qb3 dxc4 10.Bxc4 b5 11.Bd3 f4 12.O-O fxe3 13.fxe3 Nd7 14.Ne4 Qe7 15.Rae1 a6
16.Qc3 Bb7 17.b4 Nb6 18.Qc5 Nd5 19.Qxe7 Nxe7 20.Nc5 Bc8 21.h3 a5 22.a3 axb4
23.axb4 Nd5 24.Be4 Be6 25.Ng5 Rfe8 26.Ngxe6 fxe6 27.Nd3 Ra3 28.Rf3 Rb3 29.Rc1 Rc8
30.Nc5 Rxe3 31.Bxd5 cxd5 32.Rxe3 Bxd4 33.Kf2 Kf7 34.Ke2 Bxe3 35.Kxe3 Ke7
36.Ra1 Kf6 37.Kd4 Rd8 38.Rf1+ Ke7 39.Ke5 d4 40.Nxe6 Rc8 41.Nxd4 Rc4 42.Ra1 Rxb4
43.Nc6+  1-0

[Event "FSFMB Nov 2012"]
[Site "Budapest HUN"]
[Date "2012.11.08"]
[Round "5.1"]
[White "Marcu,Simon"]
[Black "Csetneki,M"]
[Result "1-0"]
[WhiteElo "1901"]
[BlackElo "1834"]

1.d4 d5 2.Bg5 Nf6 3.c3 c5 4.e3 e6 5.Bd3 Be7 6.Nd2 c4 7.Bc2 a6 8.f3 h6 9.Bh4 b5
10.Ne2 Bb7 11.O-O Nfd7 12.Bg3 h5 13.h3 h4 14.Bh2 Nb6 15.e4 Bd6 16.e5 Be7
17.f4 g6 18.Nf3 Kd7 19.Ng5 Bxg5 20.fxg5 Rh7 21.Bf4 Nc6 22.Bd2 Ne7 23.a4 Nf5
24.Rf4 Qe7 25.axb5 axb5 26.Rxa8 Bxa8 27.Qe1 Kc7 28.Bxf5 exf5 29.Rxh4 Rxh4
30.Qxh4 Na4 31.Bc1 b4 32.Qf4 Kb6 33.h4 bxc3 34.bxc3 Qe6 35.Ba3 Bc6 36.Qc1 Qe8
37.Qb1+ Kc7 38.Qb4 Qd7 39.Qd6+ Kb6 40.Qb8+ Bb7 41.Nf4 Kc6 42.Qf8 Kb6 43.Qg7 Bc8
44.Qf6+ Kb5 45.Bb4 Nb6 46.Qh8 Kc6 47.Qf8  1-0